[Event "AUTO-INT-3944"]
[Site "http://www.queenalice.com/game.php?id=1862970"]
[Date "2025.9.13"]
[Round "1"]
[White "Jomaley"]
[Black "Yanni"]
[Result "1-0"]
[WhiteElo "1516"]
[BlackElo "1531"]

1. e4 e5 2. h4 Nf6 3. d3 Bb4+ 4. c3 Bc5 5. Nf3 h6 6. Nxe5 Rf8 7. b4 Bd6 8. Bf4
Qe7 9. Nxf7 Rxf7 10. Bxd6 Qxd6 11. g4 Nc6 12. b5 Na5 13. g5 Nh5 14. Qxh5 Qe6 15.
c4 d6 16. g6 Rf6 17. Nc3 Bd7 18. Bh3 Qe7 19. Bxd7+ Qxd7 20. Nd5 Re6 21. f4 O-O-O
22. f5 Re5 23. O-O-O c6 24. bxc6 bxc6 25. Nb4 c5 26. Nd5 Rxd5 27. exd5 Qa4 28.
Rh2 Qa3+ 29. Kb1 Qb4+ 30. Rb2 Qa4 31. f6 gxf6 32. Qg4+ Kc7 33. g7 Rg8 34. Rdd2
h5 35. Qg6 Qd7 36. Rg2 Nb7 37. Qxh5 Nd8 38. Qh7 Nf7 39. Qxg8 Nh6 40. Qh7 Qe7 41.
Qxh6 Qe1+ 42. Kc2 Qa5 43. Qxf6 Qa4+ 44. Kd2 Qa5+ 45. Ke2 Qa4 46. Qe7+ Kc8 47.
g8=R+ Qe8 48. Rxe8# 1-0

[Event "AUTO-INT-3951"]
[Site "http://www.queenalice.com/game.php?id=1865479"]
[Date "2025.11.12"]
[Round "1"]
[White "Jomaley"]
[Black "SGF"]
[Result "0-1"]
[WhiteElo "1487"]
[BlackElo "1802"]

1. e4 e5 2. d3 Qf6 3. h4 d6 4. Bg5 Qg6 5. Qd2 f6 6. Be3 h5 7. Be2 Qxg2 8. f4
Qxh1 9. Bf3 Qxh4+ 10. Bf2 Qh2 11. Nc3 Qxf4 12. Qxf4 exf4 13. Nd5 Na6 14. Be2 c6
15. Nc3 Nb4 16. O-O-O a5 17. a3 Na6 18. d4 Bg4 19. Bxg4 hxg4 20. Nge2 f3 21. Ng3
Rh2 22. Be3 f2 23. Bf4 g5 24. Be3 Rg2 25. Nf5 g3 26. d5 c5 27. Ne2 O-O-O 28.
Nexg3 Bh6 29. Nf1 Re8 30. Nxd6+ Kd7 31. Nxb7 Rxe4 32. Kd2 g4 33. Bxh6 Nxh6 34.
Kd3 f5 35. Nxa5 Rd4+ 36. Ke2 Rxd1 37. Kxd1 Rg1 38. Ke2 g3 39. Nc4 Ng4 40. Nce3
Nxe3 41. Nxe3 f4 42. Nf1 Kd6 43. c4 Nc7 44. b4 cxb4 45. axb4 Na6 46. b5 Nb8 47.
b6 Kc5 48. Nd2 Kxb6 49. Kf3 f1=Q+ 50. Nxf1 Rxf1+ 0-1

[Event "AUTO-INT-3951"]
[Site "http://www.queenalice.com/game.php?id=1865480"]
[Date "2025.11.12"]
[Round "1"]
[White "SGF"]
[Black "Jomaley"]
[Result "1-0"]
[WhiteElo "1798"]
[BlackElo "1491"]

1. e4 e5 2. Qf3 Nh6 3. d3 Bb4+ 4. c3 Bd6 5. Bxh6 gxh6 6. h4 Bc5 7. b4 Bd6 8. g4
c5 9. b5 a6 10. bxa6 Rxa6 11. h5 Qg5 12. Nd2 Ra3 13. Ne2 b5 14. c4 bxc4 15. Nxc4
Ra6 16. a4 Be7 17. Qf5 Qxf5 18. gxf5 Bg5 19. a5 Nc6 20. Nd6+ Ke7 21. Nc4 Nd4 22.
Nxd4 cxd4 23. Nxe5 d6 24. Nc4 Bb7 25. Bg2 Rc8 26. Nb6 Rc3 27. Bf1 Rc5 28. Be2
Raxa5 29. Rxa5 Rxa5 30. O-O Ra2 31. Re1 Rb2 32. Nd5+ Bxd5 33. exd5 Rb5 34. Kg2
Kf8 35. Bf3 Bd2 36. Re4 Bc3 37. Re2 f6 38. Re6 Kf7 39. Rxd6 Be1 40. Rd7+ Kg8 41.
Re7 Bd2 42. d6 Rxf5 43. d7 Rg5+ 44. Kf1 Ba5 45. Re8+ Kf7 46. Rh8 Rg8 47. Bd5+
Ke7 48. Rxh7+ Kd6 49. Bxg8 1-0

[Event "AUTO-INT-3951"]
[Site "http://www.queenalice.com/game.php?id=1865482"]
[Date "2025.11.12"]
[Round "1"]
[White "Carlos19"]
[Black "Jomaley"]
[Result "1-0"]
[WhiteElo "1567"]
[BlackElo "1484"]

1. e4 e5 2. Nf3 Bd6 3. Bc4 Nh6 4. d3 Bb4+ 5. c3 Bd6 6. O-O c6 7. d4 Qf6 8. d5 c5
9. h3 a6 10. a4 Qe7 11. Bg5 f6 12. Bxh6 gxh6 13. Nh4 Bc7 14. Nf5 Qf8 15. Qh5+
Kd8 16. Qxh6 Qxh6 17. Nxh6 Rf8 18. b4 cxb4 19. cxb4 a5 20. b5 d6 21. Nd2 f5 22.
exf5 Bxf5 23. Nxf5 Rxf5 24. g4 Rf7 25. f3 Nd7 26. Ne4 h6 27. h4 Nc5 28. Nxc5
dxc5 29. g5 hxg5 30. d6 Bxd6 31. Bxf7 Ke7 32. Bd5 Rb8 33. hxg5 Rh8 34. Bxb7 Rg8
35. Kf2 Rxg5 36. Rg1 Rf5 37. Rg4 Bc7 38. Rc1 Kd6 39. Rd1+ Ke6 40. Rg6+ Kf7 41.
Rc6 Bb8 42. Rxc5 Kf6 43. Be4 Rf4 44. b6 Ke6 45. Rxa5 Rxe4 46. fxe4 1-0

[Event "AUTO-OPEN-4627"]
[Site "http://www.queenalice.com/game.php?id=1866281"]
[Date "2025.11.28"]
[Round "1"]
[White "maurice916"]
[Black "Jomaley"]
[Result "1-0"]
[WhiteElo "1892"]
[BlackElo "1419"]

1. Nf3 f6 2. b3 b5 3. e4 e5 4. Bb2 Bc5 5. Bxb5 c6 6. Bc4 Ba6 7. O-O Bxc4 8. bxc4
Nh6 9. d3 Ng4 10. h3 Bxf2+ 11. Rxf2 Nxf2 12. Kxf2 Qb6+ 13. Ke1 Qxb2 14. Nbd2 Qb4
15. Rb1 Qc5 16. Qe2 Na6 17. Nb3 Qb6 18. Qd1 O-O 19. Nbd4 Qc5 20. Nf5 Nc7 21. Qd2
Ne6 22. c3 Ng5 23. Ne3 Nxf3+ 24. gxf3 h5 25. Ke2 a5 26. Rb7 1-0

[Event "AUTO-OPEN-4627"]
[Site "http://www.queenalice.com/game.php?id=1866282"]
[Date "2025.11.28"]
[Round "1"]
[White "Jomaley"]
[Black "maurice916"]
[Result "0-1"]
[WhiteElo "1421"]
[BlackElo "1890"]

1. e4 c6 2. d3 d5 3. exd5 cxd5 4. g4 e5 5. h3 Bc5 6. Rh2 Nf6 7. Bg5 h6 8. Bxf6
Qxf6 9. Nc3 Be6 10. Nb5 Na6 11. c3 O-O-O 12. b4 Bb6 13. a4 Qf4 14. Rg2 e4 15. a5
Bc7 16. Nxa7+ Kb8 17. Nb5 exd3 18. Bxd3 Be5 19. Ne2 Nxb4 20. cxb4 Qxb4+ 21. Kf1
Bxa1 22. Qxa1 Rhg8 23. a6 Qe7 24. axb7 Qxb7 25. Ned4 Bd7 0-1